Yüklüyor......

Centrifugal pumps and blowers/

Detaylı Bibliyografya
Yazar: Church, Austin H.
Materyal Türü: Printed Book
Dil:English
Baskı/Yayın Bilgisi: New Delhi: Metropolitan, 1973
LEADER 00545nam a22001577a 4500
003 OSt
005 20200624134526.0
008 151027b xxu||||| |||| 00| 0 eng d
082 |a 621.67 CHU/C 
100 |a Church, Austin H. 
245 |a Centrifugal pumps and blowers/  |c Austin H. Church, Jagdish Lal 
260 |a New Delhi:  |b Metropolitan,  |c 1973 
300 |a 347p. 
942 |2 ddc  |c BK 
999 |c 323236  |d 323236 
952 |0 0  |1 0  |2 ddc  |4 0  |6 621_670000000000000_CHU_C  |7 0  |9 369694  |a CSC  |b CSC  |c ST1  |d 2015-10-27  |i 1613  |l 0  |o 621.67 CHU/C  |p CSC1613  |r 2015-10-27  |w 2015-10-27  |y BK